| 000 | 01280nam a22002775i 4500 | ||
|---|---|---|---|
| 001 | 154549 | ||
| 003 | ES-MaACL | ||
| 005 | 20251003165230.0 | ||
| 008 | 980929s1863 sp |||| | spa d | ||
| 080 | _a929 Martínez de la Rosa, Francisco | ||
| 100 | 1 |
_aGonzález Bravo, Luis, _d1811-1871 _9127400 |
|
| 245 | 1 | 0 | _aDiscursos leídos ante la Real Academia Española, en la recepción pública de Don Luis González Brabo [sic], el día 1º de marzo de 1863. |
| 260 |
_aMadrid : _b[s.n.], _c1863 ( _fImp. y Estereotipia de M. Rivadeneyra) |
||
| 300 |
_a82 p. ; _c26 cm. |
||
| 505 | 8 | _aRecoge el discurso de Luis González Bravo, y el de contestación de Cándido Nocedal | |
| 530 | _aDisponible en formato digital. | ||
| 594 | _aTema: Martínez de la Rosa. | ||
| 600 | 1 | 4 |
_aMartínez de la Rosa, Francisco, _d1787-1862 _978009 |
| 700 | 1 |
_aNocedal, Cándido, _d1821-1885 _9130505 |
|
| 710 | 2 |
_aReal Academia Española _96336 |
|
| 852 | 4 |
_aES-MaACL _jL-4914(22-5) _z- Donativo Roda |
|
| 852 | 4 |
_aES-MaACL _jT-66-F-5 _z- Enc. hol., falto de cub. original _z- Enc. en un vol. facticio |
|
| 852 | 4 |
_aES-MaACL _jF-M-III-M-E-F (III) _z- Enc. pasta española |
|
| 856 | 4 |
_uhttps://archive.org/details/A11410005 _zInternet Archive |
|
| 999 |
_c154549 _d154549 |
||